|
|
|
|
| LEADER |
01755nam a22004094a 4500 |
| 001 |
41653 |
| 003 |
BD-DhAAL |
| 005 |
20230816163748.0 |
| 008 |
230816t2009 gw a b 001 0 eng c |
| 010 |
|
|
|a 2009499140
|
| 015 |
|
|
|a GBA8A6174
|2 bnb
|
| 016 |
7 |
|
|a 014708840
|2 Uk
|
| 020 |
|
|
|a 9783527407583 (pbk.)
|
| 020 |
|
|
|a 3527407588 (pbk.)
|
| 020 |
|
|
|z 9783527407588
|
| 035 |
|
|
|a (OCoLC)ocn299238992
|
| 040 |
|
|
|a UKM
|c UKM
|d BWX
|d OCLCQ
|d YDXCP
|d OHX
|d BTCTA
|d IQU
|d DLC
|d BD-DhAAL
|
| 050 |
0 |
0 |
|a QA401
|b .V38 2009
|
| 082 |
0 |
0 |
|a 511.8
|2 22
|
| 100 |
1 |
|
|a Velten, Kai.
|9 55362
|
| 245 |
1 |
0 |
|a Mathematical modeling and simulation :
|b introduction for scientists and engineers /
|c Kai Velten.
|
| 246 |
3 |
|
|a Mathematical modeling and simulation for scientists and engineers
|
| 260 |
|
|
|a Weinheim [Germany] :
|b Wiley-VCH,
|c c2009.
|
| 300 |
|
|
|a xiv, 348 pages :
|b illustrations ;
|c 24 cm.
|
| 504 |
|
|
|a Includes bibliographical references (p. 325-333) and index.
|
| 541 |
|
|
|a Trim education
|e 41653, 41654
|
| 650 |
|
0 |
|a Mathematical models.
|
| 650 |
|
0 |
|a Computer simulation.
|
| 650 |
|
0 |
|a Science
|x Mathematical models.
|9 26789
|
| 650 |
|
0 |
|a Engineering
|x Mathematical models.
|9 55363
|
| 650 |
|
0 |
|a Science
|x Computer simulation.
|9 55364
|
| 650 |
|
0 |
|a Engineering
|x Computer simulation.
|9 55365
|
| 852 |
|
|
|a Ayesha Abed Library
|c General Stacks
|
| 942 |
|
|
|2 ddc
|c BK
|
| 999 |
|
|
|c 45878
|d 45878
|
| 952 |
|
|
|0 0
|1 0
|2 ddc
|4 0
|6 511_800000000000000_VEL
|7 0
|9 74206
|a BRACUL
|b BRACUL
|c GEN
|d 2023-08-09
|e Trim education
|g 15990.00
|l 0
|o 511.8 VEL
|p 3010041653
|r 2023-08-09
|t 1
|v 15990.00
|w 2023-08-09
|y BK
|
| 952 |
|
|
|0 0
|1 0
|2 ddc
|4 0
|6 511_800000000000000_VEL
|7 0
|9 74207
|a BRACUL
|b BRACUL
|c GEN
|d 2023-08-09
|e Trim education
|g 15990.00
|l 0
|o 511.8 VEL
|p 3010041654
|r 2023-08-09
|t 2
|v 15990.00
|w 2023-08-09
|y BK
|